| 000 | 00000nam 2200000za 4500 |
| 001 | 9.801403 |
| 003 | CaOODSP |
| 005 | 20250505093904 |
| 007 | cr ||||||||||| |
| 008 | 150407s2012||||xxca||||o f00| 0 tgl d |
| 040 | |aCaOODSP|bfre |
| 043 | |an-cn--- |
| 086 | 1 |aNH21-1/2012Tgl-PDF|zNH21-1/2012Tl-PDF |
| 245 | 00|aL'achat de votre première maison au Canada |h[ressource électronique] : |bguide à l'intention des nouveaux arrivants. |
| 250 | |a[Édition tagalog]. |
| 260 | |a[Ottawa] : |bSociété canadienne d'hypothèques et de logement,|cc2012. |
| 300 | |a8 p. : |bphotographs. |
| 546 | |aTexte en tagalog. |
| 692 | 07|2gccst|aImmigrant |
| 692 | 07|2gccst|aLogement |
| 710 | 2 |aSociété canadienne d'hypothèques et de logement. |
| 775 | 08|tL'achat de votre première maison au Canada : |w(CaOODSP)9.644023 |
| 775 | 08|tBuying your first home in Canada |w(CaOODSP)9.700118 |
| 791 | |tBuying your first home in Canada |eeng|w(CaOODSP)9.801402 |
| 856 | 40|qPDF|s454 Ko|uhttps://publications.gc.ca/collections/collection_2015/schl-cmhc/NH21-1-2012-tgl.pdf |
| 986 | |a66148 |